Statistics for Cities in a foreign language (zwei)

Click here to take the quiz!

General Stats

  • This quiz has been taken 29 times
  • The average score is 11 of 15

Answer Stats

CityLanguageEnglish name% Correct
MarsigliaItalianMarseille
93%
NeapolisLithuanianNaples
93%
AlgerRomanianAlgiers
89%
ParyżPolishParis
89%
QuinxassaPortugueseKinshasa
86%
NizzaFinnishNice
86%
MuneguMonegasqueMonaco
82%
DacaSpanishDhaka
79%
SzentpétervárHungarianSt. Petersburg
79%
NorimberkCzechNuremberg
75%
RímSlovakRome
68%
PressburgGermanBratislava
46%
MaracayDutchMaracaibo
46%
TrablusTurkishTripoli
39%
MayenceFrenchMainz
29%

Score Distribution

Percentile by Number Answered

Percent of People with Each Score

Your Score History

You have not taken this quiz